000 00230nam a22000977a 4500
008 170124b xxu||||| |||| 00| 0 eng d
041 _aeng
080 _a618.2
245 _aEMERGENCY: A PRACTICAL MANUAL
_cYATES, A.Y
942 _2udc
_cBK
999 _c3535
_d3535